000
00336 a2200157 4500
001
170968
020
_a
040
_c
Magnum
100
_a
Amado, Jorge
240
1
0
_a
Farda fardao camisola de dormir
_l
por
245
1
0
_a
Farda fardao camisola de dormir
362
0
_a
1899
440
1
_a
Record
697
_a
A/ROMANCE
942
_c
BK
999
_c
170968
_d
170968